01222 a2200253 45000010006000000050017000060080041000230030015000640400040000790800031001192450013001500200022001632500013001852640034001983000028002325050453002600410008007131000023007217000025007447000028007697000022007977000027008198560122008462318220260407155521.0260407a1996 arg spa dAR-UNSa-BCEJYS aAR-UNSa-BCEJYSbspacAR-UNSa-BCEJYS a330xEconomía en general10aEconomia a978-84-481-0607-2 a15a. ed. 1aMéxico :bMcGraw-Hillc1996 axxxviii, 808 p.c23 cm. aParte I: Conceptos basicos - Parte II: Microeconomia: La oferta, la demanda y los mercados de productos - Parte III: Los mercados de factores y la distribución de la renta - Parte IV: La eficiencia, la equidad en el medio ambiente y el estado - Parte V: Conceptos fundamentales de Macroeconomia - Parte VI: La oferta agregada, el crecimiento económico y la politica macroeconomica - Parte VII: El comercio internacional y la económia mundial. aspa1 aSamuelson, Paul A.1 aNordhaus, William D.1 aRabasco, María Esther1 aMandel, Michel J.1 aToharia Cortés, Luis41uhttps://biblioeco.unsa.edu.ar/pmb/images/libros/Economia 15ed (samuelson-nordhaus).jpgyImagen de portadaqimage/jpeg